Economía para dummies / (Registro nro. 5384)

Detalles MARC
000 -LEADER
fixed length control field 01150nam a2200241Ia 4500
003 - CONTROL NUMBER IDENTIFIER
control field OSt
005 - DATE AND TIME OF LATEST TRANSACTION
control field 20200521115750.0
008 - FIXED-LENGTH DATA ELEMENTS--GENERAL INFORMATION
fixed length control field 191128s2010 ck fr 000 0 spa d
020 ## - INTERNATIONAL STANDARD BOOK NUMBER
International Standard Book Number 9789584228284
040 ## - CATALOGING SOURCE
Original cataloging agency CO-JMCR
Transcribing agency CO-JMCR
041 0# - LANGUAGE CODE
Language code of text/sound track or separate title spa
082 04 - DEWEY DECIMAL CLASSIFICATION NUMBER
Classification number 330 /
Item number M394e
Edition number 23
100 1# - MAIN ENTRY--PERSONAL NAME
Personal name Masaki Flynn, Sean,
Relator term autor
9 (RLIN) 4635
245 10 - TITLE STATEMENT
Title Economía para dummies /
Remainder of title Sean Masaki Flynn ; traducción José Giordanelli
260 ## - PUBLICATION, DISTRIBUTION, ETC.
Place of publication, distribution, etc. Bogotá :
Name of publisher, distributor, etc. Planeta,
Date of publication, distribution, etc. 2010
300 ## - PHYSICAL DESCRIPTION
Extent 423 páginas ;
Dimensions 23 cm.
490 0# - SERIES STATEMENT
Series statement Para dummies
505 0# - FORMATTED CONTENTS NOTE
Formatted contents note Economía: la ciencia que estudia cómo la gente maneja la escasez -- ¿Galletas o helado? Como rastrear la elección del consumidor -- Producir los bienes apropiados de la manera correcta para alcanzar la máxima felicidad
520 ## - SUMMARY, ETC.
Summary, etc. ¡Aprende las claves de la economía para sacar un mayor rendimiento de tu dinero! La economía no es una disciplina reservada a los académicos y a los directivos de empresas. En realidad, la economía tiene que ver con todos los aspectos de la vida cotidiana
650 14 - SUBJECT ADDED ENTRY--TOPICAL TERM
Topical term or geographic name entry element Economía
9 (RLIN) 4636
700 1# - ADDED ENTRY--PERSONAL NAME
Personal name Giordanelli, José,
Fuller form of name traductor
9 (RLIN) 4637
942 ## - ADDED ENTRY ELEMENTS (KOHA)
Source of classification or shelving scheme Dewey Decimal Classification
Koha item type Books
Existencias
Withdrawn status Lost status Source of classification or shelving scheme Damaged status Not for loan Collection code Home library Current library Date acquired Source of acquisition Cost, normal purchase price Total Checkouts Full call number Barcode Date last seen Date last checked out Copy number Koha item type
    Dewey Decimal Classification     Non-fiction Biblioteca Pública José María del Castillo y Rada Biblioteca Pública José María del Castillo y Rada 04/15/2018 Donación 0.00 2 330 / M394e 430001787 05/16/2024 12/27/2019 Ej.1 Books